000 00861cam a2200289 4500
001 ABS62980
008 000000n2000 000 0 eng u
035 _a(Sirsi) u109151
245 _aFocus 2000: M25 North-east
260 _c2000
490 _aEstates Gazette
_v(0041) 14 October 2000, 155-175(10)
590 _aABS
650 _aM25 CORRIDOR
650 _aESSEX
650 _aROMFORD
650 _aPROPERTY-COMMERCIAL PROPERTY-RETAIL PROPERTY-RETAIL PROPERTY MARKET
650 _aTHURROCK
650 _aENFIELD
650 _aINDUSTRIAL DEVELOPMENT
650 _aHARLOW
650 _aPROPERTY-COMMERCIAL PROPERTY-OFFICE PROPERTY-OFFICE PROPERTY MARKET
650 _aRESIDENTIAL MARKET
650 _aTRANSPORT ISSUES
650 _aTRAFFIC CONGESTION
690 _aPROPERTY-COMMERCIAL PROPERTY-COMMERCIAL PROPERTY MARKET
942 _n0
999 _c65170
_d65170